000 01030nam a2200301 a 4500
001 000111327
003 CHAP
005 20220329144207.0
008 150203s2013 mx a |r| ||1|||spa d
010 _a107789
011 _a108761
020 _a9786077075387
040 _cCHAP
082 0 4 _a005.133
_bC78 2013
100 0 0 _aCeballos Sierra, Francisco Javier.
_920741
245 1 0 _aMicrosoft C# :
_bcurso de programación /
_cpor Francisco Javier Ceballos Sierra.
250 _a2 ed.
260 _aMéxico, D. F. :
_bAlfaomega,
_c2013.
300 _a820 p. :
_bilus.
500 _a" Puede descargarse el CD- ROM con las URL para obtener el software de desarrollo y las aplicaciones contenidas en el libro ". ver instrucciones en el libro
590 _aE11695DGD
_b10
_c20150326
_lUCH01
_h0832
590 _aE5765TAJ
_b05
_c20150203
_lUCH01
_h1111
650 1 4 _aC# (Lenguaje de programación para computadoras)
_9129189
650 1 4 _aLenguajes de programación.
_965989
901 _aBK
942 _cLIBRO
942 _n0
999 _c107789
_d107789